000
00233nam a2200097Ia 4500
005
20251222114404.0
008
251222s1900||||xx |||||||||||||| ||spa||
082
_a
DVD0060/C523/2003
245
0
_a
Luzes da cidade:City Lights
942
_c
DVD
999
_c
1742
_d
1742